000 00489nam a2200193Ia 4500
005 20260429112054.0
008 260429s9999||||xx |||||||||||||| ||und||
020 _a9781836590705
041 _aEnglish
082 _a307.76
_bFOS
100 _aFoster, Juan
245 0 _aUrban geography /
_cJuan Foster
250 _a1st ed.
260 _aLondon :
_bETP ED- Tech Press,
_c2025.
300 _aviii, 242 p.; hb
650 _a City studies
650 _aUrban geography
942 _cTB
999 _c52202
_d52202